| 000 | 01120cam a22003131 4500 | ||
|---|---|---|---|
| 999 |
_c129573 _d129573 |
||
| 001 | 7547300 | ||
| 003 | ARRUPE | ||
| 005 | 20190507092123.0 | ||
| 008 | 720905s1967 enk 000 0 eng | ||
| 010 | _a 67077989 | ||
| 015 | _aB67-4663 | ||
| 035 | _a(OCoLC)398560 | ||
| 040 |
_aDLC _cODaWU _dOCoLC _dUk _dDLC |
||
| 042 | _apremarc | ||
| 050 | 0 | 0 |
_aDA16 _b.W73 1967 |
| 082 | _a942 | ||
| 100 | 1 |
_aWilliamson, James Alexander, _d1886- _929063 |
|
| 245 | 1 | 2 |
_aA notebook of Commonwealth history _c[by] James A. Williamson. |
| 250 |
_a3d ed. _brevised and edited by Donald Southgate. |
||
| 260 |
_aLondon, _bMacmillan; _aNew York, _bSt. Martin's P., _c1967. |
||
| 300 |
_ax, 328 p. _c23 cm. |
||
| 500 | _aFirst ed. published in 1942 under title: A notebook of Empire history. | ||
| 650 | 0 |
_aImperial federation. _929065 |
|
| 651 | 0 |
_aGreat Britain _xColonies _xHistory _xChronology. _929066 |
|
| 700 | 1 |
_aSouthgate, Donald, _eed. _946282 |
|
| 906 |
_a7 _bcbc _coclcrpl _du _encip _f19 _gy-gencatlg |
||
| 942 |
_2lcc _cMONOGRAPH |
||